Management infomation system (Record no. 9301)

MARC details
000 -LEADER
fixed length control field 00495nam a2200229Ia 4500
001 - CONTROL NUMBER
control field 087790
003 - CONTROL NUMBER IDENTIFIER
control field YMCAF
005 - DATE AND TIME OF LATEST TRANSACTION
control field 20230512161626.0
008 - FIXED-LENGTH DATA ELEMENTS--GENERAL INFORMATION
fixed length control field 100717s2004 ||||||||||||||||| ||und|d
024 ## - OTHER STANDARD IDENTIFIER
Standard number or code 87790
035 ## - SYSTEM CONTROL NUMBER
System control number 27249
040 ## - CATALOGING SOURCE
Original cataloging agency YMCAF
Language of cataloging eng
Transcribing agency IN-KoLT
041 ## - LANGUAGE CODE
Language code of text/sound track or separate title eng
082 ## - DEWEY DECIMAL CLASSIFICATION NUMBER
Classification number 658.403
Item number 8 OBR
100 ## - MAIN ENTRY--PERSONAL NAME
Personal name Obrien, James A
245 #0 - TITLE STATEMENT
Title Management infomation system
250 ## - EDITION STATEMENT
Edition statement 6th
260 ## - PUBLICATION, DISTRIBUTION, ETC.
Name of publisher, distributor, etc. TMH
Date of publication, distribution, etc. 2004
300 ## - PHYSICAL DESCRIPTION
Extent 124
500 ## - GENERAL NOTE
General note With C D
942 ## - ADDED ENTRY ELEMENTS (KOHA)
Source of classification or shelving scheme Dewey Decimal Classification
Koha item type Books
Holdings
Withdrawn status Lost status Damaged status Not for loan Home library Current library Date acquired Cost, normal purchase price Total Checkouts Barcode Date last seen Cost, replacement price Price effective from Koha item type Public note G
        JC Bose University of Science & Technology JC Bose University of Science & Technology 17/07/2010 350.00   27253 12/05/2023 350.00 12/05/2023 Books C 12853
        JC Bose University of Science & Technology JC Bose University of Science & Technology 17/07/2010 350.00   27249 12/05/2023 350.00 12/05/2023 Books C 12853
  Lost     JC Bose University of Science & Technology JC Bose University of Science & Technology 17/07/2010 350.00   27250 12/05/2023 350.00 12/05/2023 Books C 12853
        JC Bose University of Science & Technology JC Bose University of Science & Technology 17/07/2010 350.00   27251 12/05/2023 350.00 12/05/2023 Books C 12853